| 000 | 00742nam a2200241 i 4500 | ||
|---|---|---|---|
| 001 | 12140 | ||
| 003 | ES-MaACL | ||
| 005 | 20240529062939.0 | ||
| 007 | t| | ||
| 008 | 970416s1996 sp ||||1| spa d | ||
| 020 | _a84-920659-6-6 | ||
| 080 | _a860-23"15" | ||
| 080 | _a860-12"15" | ||
| 100 | 1 |
_aVega, Lope de, _d1562-1635 _9113563 |
|
| 245 | 1 | 3 |
_aEl Otomano famoso _b: (o la famosa comedia otomana) / _cLope de Vega ; edición de Lola Beccaria ; prólogo de Rafael Lapesa. |
| 250 | _a1ª ed. | ||
| 260 |
_aBarcelona : _bAltera, _c1996. |
||
| 300 |
_a230 p. : _bil. ; _c21 cm. |
||
| 700 | 1 |
_aBeccaria, Lola. _926870 |
|
| 700 | 0 |
_aLapesa, Rafael, _d1908-2001 _970146 |
|
| 852 |
_aES-MaACL _jL-19495 _bR.125334 |
||
| 999 |
_c12140 _d12140 |
||